Datum a čas kvízu
33
Celkem bodů
Celkový počet nahraných bodů na tomto kvízu bez doplňovacích otázek.
4.
Pořadí na kvízu
Konečné umístění týmu na tomto kvízu.
Zaznamenané odpovědi
| # | Otázka | Odpověď | Body | Výsledky |
|---|---|---|---|---|
| 1. | Ve středu utekla jednomu chova... | o pumě | 1 | |
| 2. | Téměř dvě desetiletí hyzdil pa... | o Florencii | 1 | |
| 3. | Ve čtvrtek měla v českých kine... | Jak vycvičit draka | 1 | |
| 4. | Který známý AI generátor obráz... | Midjourney | 1 | |
| 5. | Ve které zemi byl v úterý zahá... | na Slovensku | 1 | |
| 6. | Toto téma začneme prostě, a to... | Chiméra | 1 | |
| 7. | Termínem Jókai (Yōkai) se ozna... | A | 1 | |
| 8. | V roce 2009 byl Rodinným autem... | Škoda Yeti | 1 | |
| 9. | V této otázce bude vaším úkole... | 1C 2B 3A 4D | 1 | |
| 10. | Na závěr jedno české mytologic... | Blaník | 0 |